[Event "SCG-chT (Women)"]
[Site "Budva"]
[Date "2003.??.??"]
[Round "2.11"]
[White "Ivanisevic, Dusica"]
[Black "Velcheva, Maria"]
[Result "0-1"]
[WhiteElo "2097"]
[BlackElo "2292"]
[PlyCount "56"]
[EventDate "2003.09.??"]
[EventType "team"]
[EventRounds "11"]
[EventCountry "YUG"]
[SourceTitle "CBM 096 Extra"]
[Source "ChessBase"]
[SourceDate "2003.10.22"]
[SourceVersion "2"]
[SourceVersionDate "2003.10.20"]
[SourceQuality "1"]

1. Nf3 d5 2. c4 e6 3. g3 Nf6 4. Bg2 dxc4 5. Qa4+ c6 6. Qxc4 b5 7. Qc2 Bb7 8. d4 Nbd7 9. Ne5 Nxe5 10. dxe5 Nd5 11. 0-0 Be7 12. Rd1 Qb6 13. e4 Nb4 14. Qe2 c5 15. Be3 Nc6 16. Qg4 g6 17. f4 0-0 18. Nc3 Nd4 19. Rd2 Rfd8 20. Kh1 Bc6 21. Qd1 Rd7 22. Rc1 Rad8 23. Ne2 Qb7 24. Nc3 b4 25. Na4 Bxe4 26. Nxc5 Bxc5 27. Rxc5 Bxg2+ 28. Rxg2 Nf5 0-1

[Event "YUG-ch (Women)"]
[Site "Smederevo"]
[Date "1994.04.19"]
[Round "2"]
[White "Ivanisevic, Dusica"]
[Black "Radicevic, Aleksandra"]
[Result "1-0"]
[WhiteElo "2160"]
[BlackElo "2005"]
[PlyCount "92"]
[EventDate "1994.04.18"]
[EventType "swiss"]
[EventRounds "10"]
[EventCountry "YUG"]
[SourceTitle "EXT 2018"]
[Source "ChessBase"]
[SourceDate "2017.10.13"]
[SourceVersion "1"]
[SourceVersionDate "2017.10.13"]
[SourceQuality "1"]

1. Nf3 Nf6 2. c4 g6 3. d4 Bg7 4. g3 d6 5. Bg2 Nbd7 6. Nc3 0-0 7. 0-0 e5 8. e4 c6 9. h3 Re8 10. Re1 a5 11. Be3 Qc7 12. Qc2 b5 13. dxe5 dxe5 14. cxb5 cxb5 15. Qb3 b4 16. Nb5 Qb8 17. Ng5 Re7 18. Bf1 Ba6 19. a4 bxa3 20. Qxa3 Qf8 21. Nc7 Bxf1 22. Nxa8 Ba6 23. Nb6 h6 24. Qxa5 Bb7 25. Nxd7 Rxd7 26. Nf3 Nxe4 27. Nxe5 Rd5 28. Qc7 Rb5 29. Nc6 Rxb2 30. Ra7 Ba8 31. Ne7+ Kh7 32. Rd1 Ng5 33. Bxg5 hxg5 34. Rxa8 Qxa8 35. Qd8 Qxd8 36. Rxd8 Rb1+ 37. Kg2 Bf6 38. Rd7 Re1 39. Nd5 Bb2 40. Rxf7+ Kh6 41. Ne3 g4 42. Nxg4+ Kh5 43. f4 g5 44. Rf5 Kg6 45. Rxg5+ Kf7 46. Ne5+ Kf6 1-0

[Event "YUG-chT (Women)"]
[Site "Igalo"]
[Date "1994.??.??"]
[Round "4"]
[White "Zivkovic, Vesna"]
[Black "Ivanisevic, Dusica"]
[Result "0-1"]
[WhiteElo "2150"]
[BlackElo "2160"]
[PlyCount "138"]
[EventDate "1994.??.??"]
[EventType "team"]
[EventRounds "9"]
[EventCountry "YUG"]
[SourceTitle "EXT 2002"]
[Source "ChessBase"]
[SourceDate "2001.11.25"]
[SourceVersion "1"]
[SourceVersionDate "2001.11.25"]
[SourceQuality "1"]

1. Nf3 Nf6 2. b3 g6 3. Bb2 Bg7 4. e3 0-0 5. Be2 d6 6. d4 c6 7. Nbd2 Nbd7 8. 0-0 Re8 9. Re1 c5 10. e4 cxd4 11. Bxd4 a6 12. c4 Nh5 13. Bxg7 Kxg7 14. g3 Nhf6 15. Qc2 Qb6 16. Bf1 Ng4 17. Re2 Nde5 18. Qc3 f6 19. h3 Nxf3+ 20. Nxf3 Ne5 21. Rd1 Nxf3+ 22. Qxf3 a5 23. a3 Qc5 24. Ra2 Be6 25. Raa1 Rac8 26. h4 h5 27. Qc3 Qe5 28. Qxe5 fxe5 29. Rac1 Rf8 30. Be2 Rc7 31. Rc3 Rfc8 32. Rdc1 b5 33. R3c2 a4 34. bxa4 bxc4 35. f4 exf4 36. gxf4 c3 37. Bb5 Bb3 38. Rg2 Ra7 39. f5 Bf7 40. fxg6 Bxg6 41. Kf2 Kh7 42. Rg5 Bxe4 43. Rcg1 Kh6 44. Be2 Rc5 45. Rxc5 dxc5 46. Rg5 Rxa4 47. Rxh5+ Kg7 48. Rxc5 Rxa3 49. Ke3 Bh7 50. h5 c2+ 51. Kd2 Ra1 52. Rc7 Kf6 53. Rc6+ Ke5 54. Rc5+ Kd6 55. Rc3 Rg1 56. Rc4 Ke5 57. Rc5+ Kd6 58. Rc3 Ke5 59. Rc5+ Kf4 60. Rc3 Ra1 61. Rf3+ Ke5 62. Rc3 Be4 63. Rc7 e6 64. Rc8 Kf4 65. Rc3 Rh1 66. Rc7 Kg3 67. Rc3+ Kf2 68. Bg4 Rg1 69. Be2 c1Q+ 0-1

[Event "Belgrade (Women)"]
[Site "Belgrade"]
[Date "1990.??.??"]
[Round "7"]
[White "Bojkovic, Natasa"]
[Black "Ivanisevic, Dusica"]
[Result "1-0"]
[WhiteElo "2270"]
[BlackElo "2240"]
[PlyCount "65"]
[EventDate "1990.??.??"]
[EventType "tourn"]
[EventRounds "11"]
[EventCountry "YUG"]
[EventCategory "2"]
[SourceTitle "TD"]
[Source "ChessBase"]
[SourceDate "1994.03.01"]
[SourceVersion "1"]
[SourceVersionDate "1994.03.01"]
[SourceQuality "1"]

1. e4 d6 2. d4 Nf6 3. Nc3 c6 4. f4 Qa5 5. Bd2 Qb6 6. Nf3 Bg4 7. e5 dxe5 8. fxe5 Nd5 9. Na4 Qc7 10. c4 Nb6 11. Nc3 e6 12. c5 Nd5 13. Ne4 f5 14. Nd6+ Bxd6 15. exd6 Qf7 16. Be2 Bxf3 17. Bxf3 0-0 18. Qb3 Na6 19. 0-0 Rae8 20. Rae1 Nb8 21. Re2 b5 22. Qd3 Nd7 23. Bxd5 exd5 24. Rxe8 Rxe8 25. Rxf5 Qg6 26. Qf3 Nf6 27. Bg5 h6 28. Bxf6 gxf6 29. h3 Kg7 30. Kh2 a5 31. Rf4 h5 32. Rf5 h4 33. Rf4 1-0

[Event "Belgrade (Women)"]
[Site "Belgrade"]
[Date "1987.??.??"]
[Round "8"]
[White "Ivanisevic, Dusica"]
[Black "Bojkovic, Natasa"]
[Result "1-0"]
[WhiteElo "2140"]
[BlackElo "2135"]
[PlyCount "87"]
[EventDate "1987.??.??"]
[EventType "tourn"]
[EventRounds "11"]
[EventCountry "YUG"]
[EventCategory "1"]
[SourceTitle "EXT 1997"]
[Source "ChessBase"]
[SourceDate "1996.11.15"]
[SourceVersion "1"]
[SourceVersionDate "1996.11.15"]
[SourceQuality "1"]

1. d4 f5 2. Bg5 g6 3. e3 Bg7 4. Bc4 d5 5. Bb3 Be6 6. Nf3 Nd7 7. Nbd2 Ngf6 8. c4 c6 9. 0-0 0-0 10. Bf4 Kh8 11. Ne5 dxc4 12. Ndxc4 Nd5 13. Nxd7 Qxd7 14. Be5 Bxe5 15. Nxe5 Qd6 16. Rc1 Rad8 17. Kh1 Nf6 18. Bxe6 Qxe6 19. Qa4 a6 20. Qb4 Rb8 21. b3 Rfd8 22. Qc4 Nd5 23. Rfe1 Kg7 24. h3 Qf6 25. Nd3 e6 26. Nc5 Nc7 27. Nd3 g5 28. Qc5 Rd5 29. Qb6 Qd8 30. Nc5 Kf6 31. Rcd1 Qc8 32. e4 Rd8 33. exf5 exf5 34. Qb4 Nd5 35. Qd2 Rd6 36. Re5 b6 37. Nd3 c5 38. dxc5 bxc5 39. g4 f4 40. Rf5+ Kg6 41. Ne5+ Kg7 42. Nf3 Ne3 43. Qxd6 Nxf5 44. gxf5 1-0

[Event "Belgrade (Women)"]
[Site "Belgrade"]
[Date "1987.??.??"]
[Round "2"]
[White "Litynska, Marta"]
[Black "Ivanisevic, Dusica"]
[Result "1-0"]
[WhiteElo "2415"]
[BlackElo "2140"]
[PlyCount "63"]
[EventDate "1987.??.??"]
[EventType "tourn"]
[EventRounds "11"]
[EventCountry "YUG"]
[EventCategory "1"]
[SourceTitle "EXT 1997"]
[Source "ChessBase"]
[SourceDate "1996.11.15"]
[SourceVersion "1"]
[SourceVersionDate "1996.11.15"]
[SourceQuality "1"]

1. d4 Nf6 2. c4 g6 3. Nc3 Bg7 4. e4 d6 5. Nf3 0-0 6. h3 Nbd7 7. e5 Ne8 8. e6 fxe6 9. Ng5 Ndf6 10. h4 c5 11. dxc5 Qa5 12. Bd3 Nd5 13. cxd5 Bxc3+ 14. bxc3 Qxc3+ 15. Qd2 Qe5+ 16. Kd1 Qxa1 17. dxe6 Qd4 18. f3 dxc5 19. Bb2 Qa4+ 20. Kc1 Qf4 21. h5 Qxd2+ 22. Kxd2 Rf6 23. hxg6 hxg6 24. Bxg6 Bxe6 25. Bxf6 Rd8+ 26. Ke3 Nxf6 27. Nxe6 Rd6 28. Bf5 Nd5+ 29. Kf2 c4 30. Nc5 Kf7 31. Nxb7 Rb6 32. Rb1 1-0

[Event "Jajce (Women)"]
[Site "Jajce"]
[Date "1986.??.??"]
[Round "12"]
[White "Ivanisevic, Dusica"]
[Black "Medic, Mirjana"]
[Result "1/2-1/2"]
[WhiteElo "2050"]
[BlackElo "2165"]
[PlyCount "36"]
[EventDate "1986.??.??"]
[EventType "tourn"]
[EventRounds "13"]
[EventCountry "YUG"]
[SourceTitle "EXT 1997"]
[Source "ChessBase"]
[SourceDate "1996.11.15"]
[SourceVersion "1"]
[SourceVersionDate "1996.11.15"]
[SourceQuality "1"]

1. Nf3 Nf6 2. g3 c5 3. Bg2 d5 4. 0-0 Nc6 5. d3 e6 6. c3 Be7 7. Nbd2 0-0 8. Qc2 Qc7 9. e4 dxe4 10. dxe4 e5 11. Nc4 h6 12. Ne3 Be6 13. Bd2 Rfd8 14. Rfd1 Bf8 15. b3 a6 16. Be1 Rxd1 17. Rxd1 Rd8 18. Rxd8 Qxd8 1/2-1/2

[Event "Jajce (Women)"]
[Site "Jajce"]
[Date "1986.??.??"]
[Round "9"]
[White "Lematschko, Tatjana"]
[Black "Ivanisevic, Dusica"]
[Result "0-1"]
[WhiteElo "2230"]
[BlackElo "2050"]
[PlyCount "142"]
[EventDate "1986.??.??"]
[EventType "tourn"]
[EventRounds "13"]
[EventCountry "YUG"]
[SourceTitle "EXT 1997"]
[Source "ChessBase"]
[SourceDate "1996.11.15"]
[SourceVersion "1"]
[SourceVersionDate "1996.11.15"]
[SourceQuality "1"]

1. d4 Nf6 2. c4 g6 3. f3 d6 4. e4 Bg7 5. Nc3 c6 6. Be3 a6 7. c5 0-0 8. Na4 Nbd7 9. Ne2 b5 10. cxb6 Nxb6 11. Nec3 Nfd7 12. Be2 Rb8 13. 0-0 Nxa4 14. Nxa4 Qa5 15. b3 c5 16. Rc1 cxd4 17. Bxd4 Bxd4+ 18. Qxd4 Bb7 19. Qc3 Qxc3 20. Rxc3 Rfc8 21. Rfc1 Rxc3 22. Rxc3 Rc8 23. Rxc8+ Bxc8 24. b4 Kf8 25. Kf2 Ke8 26. Ke3 Kd8 27. Nc3 e6 28. Kd4 Bb7 29. a4 Ke7 30. a5 Nb8 31. Kc4 Nc6 32. Bf1 Na7 33. e5 Kd7 34. exd6 Kxd6 35. Kb3 Kc6 36. Ka4 f5 37. Bc4 Bc8 38. Kb3 Kd6 39. Na4 Nc6 40. Nc5 Nxa5+ 41. Kc3 Nxc4 42. Kxc4 e5 43. g3 Be6+ 44. Kc3 Bd5 45. f4 exf4 46. gxf4 a5 47. h4 Kc6 48. Nd3 a4 49. Kb2 Bc4 50. Ne5+ Kd5 51. Nd7 Ke4 52. Nf6+ Kxf4 53. Nxh7 Kg4 54. Nf8 Kh5 55. Nd7 Bb5 56. Ne5 Be8 57. Kc3 Kxh4 58. b5 Bxb5 59. Nxg6+ Kg5 60. Ne5 Kf4 61. Nf7 Ke3 62. Nd6 f4 63. Nf5+ Ke4 64. Nd6+ Ke3 65. Nf5+ Kf2 66. Kb4 Bd7 67. Nd4 Ke3 68. Kc4 Ke4 69. Kc3 a3 70. Nb3 a2 71. Kb2 Be6 0-1

[Event "Jajce (Women)"]
[Site "Jajce"]
[Date "1986.??.??"]
[Round "7"]
[White "Maksimovic, Suzana"]
[Black "Ivanisevic, Dusica"]
[Result "1-0"]
[WhiteElo "2175"]
[BlackElo "2050"]
[PlyCount "65"]
[EventDate "1986.??.??"]
[EventType "tourn"]
[EventRounds "13"]
[EventCountry "YUG"]
[SourceTitle "EXT 1997"]
[Source "ChessBase"]
[SourceDate "1996.11.15"]
[SourceVersion "1"]
[SourceVersionDate "1996.11.15"]
[SourceQuality "1"]

1. d4 Nf6 2. c4 g6 3. Nc3 Bg7 4. e4 d6 5. Be2 0-0 6. Bg5 h6 7. Be3 c6 8. Qd2 Kh7 9. h4 h5 10. f3 a6 11. a4 Qa5 12. Ra3 e5 13. d5 Qc7 14. Nh3 Bxh3 15. Rxh3 a5 16. g4 Qd7 17. Rg3 Na6 18. Kf2 Nb4 19. Ra1 cxd5 20. cxd5 Rac8 21. Rh1 Qd8 22. Kg2 Rh8 23. Bb5 hxg4 24. h5 gxf3+ 25. Rxf3 Kg8 26. Bg5 Rxh5 27. Rxh5 gxh5 28. Kh1 Kf8 29. Qe1 Nc2 30. Qh4 Nd4 31. Rxf6 Bxf6 32. Bxf6 Qc7 33. Qxh5 1-0

[Event "Jajce (Women)"]
[Site "Jajce"]
[Date "1986.??.??"]
[Round "4"]
[White "Petrovic, Marija"]
[Black "Ivanisevic, Dusica"]
[Result "1-0"]
[WhiteElo "2110"]
[BlackElo "2050"]
[PlyCount "85"]
[EventDate "1986.??.??"]
[EventType "tourn"]
[EventRounds "13"]
[EventCountry "YUG"]
[SourceTitle "EXT 1997"]
[Source "ChessBase"]
[SourceDate "1996.11.15"]
[SourceVersion "1"]
[SourceVersionDate "1996.11.15"]
[SourceQuality "1"]

1. e4 c5 2. Nc3 Nc6 3. g3 g6 4. Bg2 Bg7 5. d3 d6 6. Nge2 e6 7. 0-0 Nge7 8. f4 Rb8 9. a4 a6 10. h3 0-0 11. g4 f5 12. Ng3 Nd4 13. Nce2 Bd7 14. c3 Nxe2+ 15. Qxe2 fxg4 16. hxg4 Qe8 17. a5 Nc6 18. Be3 Qd8 19. f5 Be5 20. Bf4 Qh4 21. Nh1 Bxf4 22. Rxf4 Ne5 23. Qf2 Qxf2+ 24. Nxf2 g5 25. d4 cxd4 26. cxd4 gxf4 27. dxe5 exf5 28. gxf5 dxe5 29. Ng4 Rbe8 30. Rc1 h5 31. Nf2 Rc8 32. Rd1 Bb5 33. Bf3 Rc7 34. Rd6 Rg7+ 35. Kh2 Rc8 36. Rd2 Rd7 37. Rxd7 Bxd7 38. Nd3 Rc2+ 39. Kg1 h4 40. Nxe5 Bb5 41. Ng4 Rxb2 42. e5 Bc6 43. Nf6+ 1-0